书目信息 |
| 题名: |
孙子兵法 三十六计
|
|
| 作者: | 孙武 著 ;夏华 编译 | |
| 分册: | ||
| 出版信息: | 沈阳 万卷出版公司 2024 |
|
| 页数: | 341页 | |
| 开本: | 24cm | |
| 丛书名: | ||
| 单 册: | ||
| 中图分类: | E892.2 | |
| 科图分类: | ||
| 主题词: | 兵法--中国--古代 | |
| 电子资源: | ||
| ISBN: | 978-7-5470-4222-9 | |
| 000 | 00936nam0 2200277 450 | |
| 001 | 012024000924 | |
| 005 | 20241119081502.0 | |
| 010 | @a978-7-5470-4222-9@dCNY35.00 | |
| 100 | @a20241119d2024 em y0chiy50 ea | |
| 101 | 0 | @achi |
| 102 | @aCN@b210000 | |
| 105 | @aa z 000yy | |
| 106 | @ar | |
| 200 | 1 | @a孙子兵法 三十六计@Asun zi bing fa san shi liu ji@f(春秋)孙武等著@g夏华等编译 |
| 210 | @a沈阳@c万卷出版公司@d2024 | |
| 215 | @a341页@c图@d24cm | |
| 300 | @a万卷楼国学经典 升级版 | |
| 330 | @a本书将《孙子兵法》和《三十六计》合二为一,在忠于原著、再现古典兵书原貌的基础上增加了注释、译文。 | |
| 605 | @a《孙子兵法》@x译文 | |
| 605 | @a《三十六计》@x译文 | |
| 606 | 0 | @a兵法@y中国@z古代 |
| 690 | @aE892.2@v5 | |
| 701 | 0 | @c(春秋)@a孙武@Asun wu@f(前551?~前478?)@4著 |
| 702 | 0 | @a夏华@Axia hua@4编译 |
| 801 | 0 | @aCN@bAHXH@c20241119 |
| 905 | @b214173151@b214173160@b214173179@b214173188@b214173197@dE892.2@e114@f5 | |
| 孙子兵法 三十六计/(春秋)孙武等著/夏华等编译 .-沈阳:万卷出版公司,2024 |
| 341页:图;24cm |
| 万卷楼国学经典 升级版 |
| ISBN 978-7-5470-4222-9:CNY35.00 |
| 本书将《孙子兵法》和《三十六计》合二为一,在忠于原著、再现古典兵书原貌的基础上增加了注释、译文。 |
| ● |
| 相关链接 |
|
|
|
|
正题名:孙子兵法 三十六计
索取号:E892.2/114
 
预约/预借
| 序号 | 登录号 | 条形码 | 馆藏地/架位号 | 状态 | 备注 |
| 1 | 1417315 | 214173151 | 第一样本阅览室/ [索取号:E892.2/114] | 在馆 | |
| 2 | 1417316 | 214173160 | 第一借阅区/ [索取号:E892.2/114] | 在馆 | |
| 3 | 1417317 | 214173179 | 第一借阅区/ [索取号:E892.2/114] | 在馆 | |
| 4 | 1417318 | 214173188 | 第一借阅区/ [索取号:E892.2/114] | 在馆 | |
| 5 | 1417319 | 214173197 | 第一借阅区/ [索取号:E892.2/114] | 在馆 |